000
00326nam a22001457a 4500
008
210602b ||||| |||| 00| 0 eng d
020
_a
0898622506
041
_a
eng
080
_a
82
082
_a
82
100
_a
21
101
_a
GJL
245
_a
New Directions in Composition Research
_c
Richard Beach
942
_2
udc
_c
BK
999
_c
57911
_d
57911